Sports Quiz

Random Sports or MLB Quiz

Kansas City Royals Cy Young Votes Quiz Stats

 Plays Quiz not verified by Sporcle

Challenge
Share
Tweet
Score 0/23 Timer 04:00
1 Play Today
Year Player % Correct
2009Zack Greinke
96.5%
1985Bret Saberhagen
95.6%
1989Bret Saberhagen
95.6%
1980Dan Quisenberry
78.3%
1983Dan Quisenberry
78.3%
1984Dan Quisenberry
78.3%
1985Dan Quisenberry
78.3%
2015Wade Davis
75.4%
1994David Cone
72.4%
2014Wade Davis
72.1%
1993Kevin Appier
66.3%
2013Greg Holland
65.8%
Year Player % Correct
2014Greg Holland
65.8%
2013James Shields
64%
1977Dennis Leonard
58.8%
1978Dennis Leonard
58.8%
1978Paul Splittorff
48.2%
2010Joakim Soria
43.4%
1978Larry Gura
43%
1980Larry Gura
43%
1981Larry Gura
43%
1985Charlie Leibrandt
38%
1971Dick Drago
10.7%

You're not logged in!

Compare scores with friends on all Sporcle quizzes.
Join for Free
OR
Log In

You Might Also Like...

Show Comments

Extras

Top Quizzes Today


Score Distribution

Your Account Isn't Verified!

In order to create a playlist on Sporcle, you need to verify the email address you used during registration. Go to your Sporcle Settings to finish the process.

Report this User

Report this user for behavior that violates our Community Guidelines.

Details: